| 000 | 00526nam a2200193Ia 4500 | ||
|---|---|---|---|
| 005 | 20250508154919.0 | ||
| 008 | 008 250505s9999 xx 000 0 eng d | ||
| 020 | _a978-81-8450-423-1 | ||
| 037 | _aTextual | ||
| 040 |
_aFEDL _beng _cFEDL |
||
| 041 |
_aeng _2eng |
||
| 084 |
_a954.26, SIM _qFEDL |
||
| 100 |
_aSimpson Colin _9766383 |
||
| 245 | 0 | _aKatmandu | |
| 260 |
_aMelbourne, Australia _bAngus and Robertson Ltd. _c1967 |
||
| 300 | _a104p. | ||
| 942 |
_cTEXL _h954.26, SIM |
||
| 999 |
_c1352789 _d1352789 |
||